000 00614nam a22002051a 4500
001 11508
003 OSt
005 20260204212245.0
008 121119s2007||||ag ||||||b||||||||||spa||
020 _a9506734747
050 _a624.18341 M736h
100 _aMöller, Oscar
245 _aHormigon armado: Conceptos básicos y diseño de elementos con aplicación del reglamento CIROL201-2005 / Oscar Möller
250 _a3
264 _aArgentina: Universidad NAcional de Rosario
300 _a275 p
500 _aIncluye bibliografía
650 _aHormigon Armado - Diseño EstructuralÌ
942 _2ddc
_cBK
999 _c11508
_d11508